| 000 | 00872cab a2200241 4500 | ||
|---|---|---|---|
| 001 | X2403 | ||
| 008 | 090401t1995 xxu||||| |||| 00| 0 eng d | ||
| 035 | _a(Sirsi) u23995 | ||
| 041 | _aeng | ||
| 245 | _aMidland Bank v Cooke | ||
| 260 | _c1995 | ||
| 350 | _a0 | ||
| 490 |
_aNew Property Cases _v(1995) NPC 116 |
||
| 520 | _aCA 7 July 1995. In a family home case where one partner alone has the legal title, if the other party has made direct contributions to the purchase price, in the absence of evidence of intention, the court will take a wide view of the parties` behaviour in proportioning a share. NOT TO BE PHOTOCOPIED. | ||
| 650 | _aBENEFICIAL INTEREST | ||
| 650 | _aCONTRIBUTION | ||
| 650 | _aFAMILY HOME | ||
| 650 | _aMORTGAGE PAYMENTS | ||
| 650 | _aMORTGAGES | ||
| 690 | _aPROPERTY LAW AND PRACTICE-CASE LAW | ||
| 942 | _n0 | ||
| 948 | _c04/03/1997 | ||
| 999 |
_c16069 _d16069 |
||